<?xml version="1.0" encoding="UTF-8"?>
<record
    xmlns:xsi="http://www.w3.org/2001/XMLSchema-instance"
    xsi:schemaLocation="http://www.loc.gov/MARC21/slim http://www.loc.gov/standards/marcxml/schema/MARC21slim.xsd"
    xmlns="http://www.loc.gov/MARC21/slim">

  <leader>01498nam a2200289 a 4500</leader>
  <controlfield tag="001">000087263</controlfield>
  <controlfield tag="005">20200120224938.0</controlfield>
  <controlfield tag="008">190815s2017    ck a          000 | spa d</controlfield>
  <datafield tag="020" ind1=" " ind2=" ">
    <subfield code="a">9789586916097</subfield>
  </datafield>
  <datafield tag="020" ind1=" " ind2=" ">
    <subfield code="a">9789587850345</subfield>
  </datafield>
  <datafield tag="041" ind1="0" ind2=" ">
    <subfield code="a">spa</subfield>
  </datafield>
  <datafield tag="090" ind1=" " ind2=" ">
    <subfield code="a">ALM</subfield>
    <subfield code="b">YONG</subfield>
  </datafield>
  <datafield tag="100" ind1="1" ind2=" ">
    <subfield code="a">Yonda, Gustavo</subfield>
  </datafield>
  <datafield tag="245" ind1="1" ind2="0">
    <subfield code="a">Khwen Tama A&#xB4; :</subfield>
    <subfield code="b">Juan Tama de la Estrella /</subfield>
    <subfield code="c">Textos e ilustraciones de Gustavo Yonda; editor Fredy Ord&#xF3;&#xF1;ez.</subfield>
  </datafield>
  <datafield tag="246" ind1="2" ind2=" ">
    <subfield code="a">Juan Tama de la estrella</subfield>
  </datafield>
  <datafield tag="250" ind1=" " ind2=" ">
    <subfield code="a">2a ed.</subfield>
  </datafield>
  <datafield tag="260" ind1=" " ind2=" ">
    <subfield code="a">Bogot&#xE1; :</subfield>
    <subfield code="b">Ministerio de Educaci&#xF3;n Nacional,</subfield>
    <subfield code="c">2017.</subfield>
  </datafield>
  <datafield tag="300" ind1=" " ind2=" ">
    <subfield code="a">54 p&#xE1;ginas, [10] p&#xE1;ginas sin numerar :</subfield>
    <subfield code="b">ilustraciones en color ;</subfield>
    <subfield code="c">22 cm.</subfield>
  </datafield>
  <datafield tag="490" ind1=" " ind2="0">
    <subfield code="a">Territorios Narrados;R&#xED;o de letras</subfield>
    <subfield code="v">18</subfield>
  </datafield>
  <datafield tag="520" ind1="3" ind2=" ">
    <subfield code="a">"El plan Nacional de Lectura y Escritura (Leer es mi cuento) cre&#xF3; el proyecto territorios narrados como una iniciativa pedag&#xF3;gica que busca fomentar las competencias comunicativas de estudiantes de preescolar, b&#xE1;sica y media en los contextos de la educaci&#xF3;n ind&#xED;gena propia y la etnoeducaci&#xF3;n. El proyecto promueve que las pr&#xE1;cticas de la lectura y escritura sean herramientas esenciales para el fortalecimiento de la identidad cultural y la atenci&#xF3;n educativa a grupos &#xE9;tnicos desde el Ministerio de Educaci&#xF3;n Nacional."</subfield>
  </datafield>
  <datafield tag="546" ind1=" " ind2=" ">
    <subfield code="a">Texto en nasa yuwe y espa&#xF1;ol</subfield>
  </datafield>
  <datafield tag="650" ind1="1" ind2="4">
    <subfield code="a">Literatura indigena Colombiana</subfield>
  </datafield>
  <datafield tag="650" ind1="2" ind2="4">
    <subfield code="a">Leyendas indigenas colombianas</subfield>
  </datafield>
  <datafield tag="650" ind1="2" ind2="4">
    <subfield code="a">Indigenas en la literatura</subfield>
  </datafield>
  <datafield tag="650" ind1="2" ind2="4">
    <subfield code="a">paeces</subfield>
  </datafield>
  <datafield tag="650" ind1="2" ind2="4">
    <subfield code="a">Vida social y costumbres</subfield>
  </datafield>
  <datafield tag="999" ind1=" " ind2=" ">
    <subfield code="c">11845</subfield>
    <subfield code="d">11845</subfield>
  </datafield>
  <datafield tag="952" ind1=" " ind2=" ">
    <subfield code="0">0</subfield>
    <subfield code="1">0</subfield>
    <subfield code="2">ddc</subfield>
    <subfield code="4">0</subfield>
    <subfield code="7">0</subfield>
    <subfield code="8">LA</subfield>
    <subfield code="a">BPMOS</subfield>
    <subfield code="b">BPMOS</subfield>
    <subfield code="d">2020-01-20</subfield>
    <subfield code="i">NT</subfield>
    <subfield code="l">1</subfield>
    <subfield code="o">ALM YONG</subfield>
    <subfield code="p">MOS019779</subfield>
    <subfield code="r">2021-05-19</subfield>
    <subfield code="s">2021-05-03</subfield>
    <subfield code="t">ej.1</subfield>
    <subfield code="w">2020-01-20</subfield>
    <subfield code="y">BKLIT</subfield>
    <subfield code="z">Quince d&#xED;as</subfield>
  </datafield>
  <datafield tag="952" ind1=" " ind2=" ">
    <subfield code="0">0</subfield>
    <subfield code="1">0</subfield>
    <subfield code="2">ddc</subfield>
    <subfield code="4">0</subfield>
    <subfield code="7">0</subfield>
    <subfield code="8">GEN</subfield>
    <subfield code="a">MUS</subfield>
    <subfield code="b">MUS</subfield>
    <subfield code="d">2021-02-10</subfield>
    <subfield code="l">0</subfield>
    <subfield code="o">863.08 C15k</subfield>
    <subfield code="p">MUS000114</subfield>
    <subfield code="r">2021-02-10</subfield>
    <subfield code="t">ej.1</subfield>
    <subfield code="w">2021-02-10</subfield>
    <subfield code="y">BK</subfield>
    <subfield code="z">Ocho dias</subfield>
  </datafield>
</record>
